|
|
|
|
| LEADER |
01396nam a22003734a 4500 |
| 001 |
EBC201501 |
| 003 |
MiAaPQ |
| 005 |
20200520144314.0 |
| 006 |
m o d | |
| 007 |
cr cn||||||||| |
| 008 |
001213s2001 enka sb 001 0 eng |
| 010 |
|
|
|z 00069752
|
| 020 |
|
|
|z 0521341493
|
| 035 |
|
|
|a (MiAaPQ)EBC201501
|
| 035 |
|
|
|a (Au-PeEL)EBL201501
|
| 035 |
|
|
|a (CaPaEBR)ebr5007866
|
| 035 |
|
|
|a (CaONFJC)MIL15166
|
| 035 |
|
|
|a (OCoLC)559492662
|
| 040 |
|
|
|a MiAaPQ
|c MiAaPQ
|d MiAaPQ
|
| 050 |
|
4 |
|a HC54
|b .C73 2001
|
| 082 |
0 |
4 |
|a 330.12/2
|2 21
|
| 100 |
1 |
|
|a Cornwall, John.
|
| 245 |
1 |
0 |
|a Capitalist development in the twentieth century
|h [electronic resource] :
|b an evolutionary-Keynesian analysis /
|c John Cornwall and Wendy Cornwall.
|
| 260 |
|
|
|a Cambridge ;
|a New York :
|b Cambridge University Press,
|c 2001.
|
| 300 |
|
|
|a xv, 286 p. :
|b ill.
|
| 504 |
|
|
|a Includes bibliographical references (p. 270-281) and index.
|
| 533 |
|
|
|a Electronic reproduction. Ann Arbor, MI : ProQuest, 2015. Available via World Wide Web. Access may be limited to ProQuest affiliated libraries.
|
| 650 |
|
0 |
|a Economic history
|y 20th century.
|
| 650 |
|
0 |
|a Economic development.
|
| 650 |
|
0 |
|a Capitalism.
|
| 655 |
|
4 |
|a Electronic books.
|
| 700 |
1 |
|
|a Cornwall, Wendy A.
|
| 710 |
2 |
|
|a ProQuest (Firm)
|
| 856 |
4 |
0 |
|u https://ebookcentral.proquest.com/lib/matrademy/detail.action?docID=201501
|z Click to View
|